| 000 | 00000nam##2200000za#4500 |
| 001 | 9.651289 |
| 003 | CaOODSP |
| 005 | 20230202144025 |
| 007 | ta |
| 008 | 150407|2008||||xxc||||| f|0| 0 eng|d |
| 020 | |a978-1-100-10314-3 |
| 040 | |aCaOODSP|beng |
| 043 | |an-cn--- |
| 086 | 1 |aHP20-14/2008E |
| 110 | 2 |aNational Clearinghouse on Family Violence (Canada). |
| 245 | 10|aBreaking the links between poverty and violence against women : |ba resource guide |
| 260 | |aOttawa - Ontario : |bPublic Health Agency of Canada. |cc2008. |
| 300 | |a40p. : |bfigs., references, photographs ; |c21 cm. |
| 520 | 3 |aCreated to support the efforts of women's groups, community organizations and service agencies to support low-income women experiencing violence. It includes a discussion, with concrete examples, of different types of strategies and initiatives that exist to support women dealing with poverty and violence; a list of the common approaches that guide this work; a series of relevant fact sheets/statistical summaries; and a list of recommended resources. |
| 563 | |aSoftcover |
| 590 | |a09-19|b2009-05-08 |
| 690 | 07|aViolence against women|2gcpds |
| 775 | 08|tDéfaire les liens entre la pauvreté et la violence faite aux femmes : |w(CaOODSP)9.684330 |
| 776 | 0#|tBreaking the links between poverty and violence against women : |w(CaOODSP)9.692299 |